000 05366nam2a22005891 4500
001 RU\NLR\A1\20364
005 20260601113706.0
035 _a(NLR Aleph) 009675822
090 _a13474696
_c13474696
100 _a19981006d1796 m y0rusy50 ca
101 0 _arus
102 _aRU
135 _acrcn 024anaba
140 _ay y aayaa0000
200 0 _aЧ.4
210 _d1796
215 _a115, [1] с.
316 _aЭкз. РНБ (18.171.4.69(ч.4)): ч.1-4 в одном пер. На с.114 техн. штамп. По всему кн. блоку потеки. Размер: 20,0х12,5х1,0 см
_5NLR: 18.171.4.69(ч.4)
316 _aЭкз. РНБ (138/2294(ч.4)): ч.1-2, 4 данного изд. и ч.3 изд СК XVIII 5030 в одном пер. На с.115 техн. помета.
_5NLR: 138/2294(ч.4))
316 _aЭкз. РНБ (РЗФ 18 в. 3/1427 (ч.4)): ч.1-4 в одном пер. На с.115 круглый штамп ГПБ. На с.[1] техн. помета. С.115-[1] подклеены.
_5NLR: РЗФ 18 в. 3/1427 (ч.4))
316 _aЭкз. РНБ (РЗФ 18 в. 3/1427 (ч.4)а): является частью владельч. конволюта. Припл. 2 ед. В картон. коричневом марморир. цельнокожаном пер. На нижней крышке пер. экслибрис РЗФ ГПБ с шифром. Корешок гладкий, с тиснением золотом. Позолота почти полностью утрачена. На корешке две кожаные наклейки: крас. и зеленая, на которых вытиснено: "Вергилиева Енеида" и "4.5.6" и бумаж. наклейка. На нахзаце техн. штамп. На тит. л. круглый штамп "Госуд. Публичн. библиотека Дублет".
_5NLR: РЗФ 18 в. 3/1427 (ч.4)а)
316 _aЭкз. РНБ (РЗФ 18 в. 3/1427 (ч.4) Б): является частью владельч. конволюта. Припл. 2 ед. В картон. коричневом марморир. цельнокожаном пер. На нижней крышке пер. экслибрис РЗФ ГПБ с шифром. Корешок гладкий, с тиснением золотом. Позолота почти полностью утрачена. На корешке крас. кожаная наклейка, на которой вытиснено: "Вергилиева Енейда 4.5.6". На нахзаце техн. штамп. На тит. л. круглый штамп "Госуд. Публичн. библиотека Дублет".
_5NLR: РЗФ 18 в. 3/1427 (ч.4) Б)
316 _aЭкз. РНБ (138/3075(ч.4)) в сост. картон. пер., обтянутом бордовой тисненой бумагой, с коленкоровыми бордовыми корешком и уголками. На нижней крышке пер. экслибрис рус. фонда РНБ с шифром. Корешок гладкий На обороте тит. л., с.33 и 115 круглый штамп ГПБ. На с.[1] техн. штамп.
_5NLR: 138/3075(ч.4))
317 _aВ экз. РНБ (138/2294(ч.4)) на форзаце экслибрис А.А.Бобринского (Богомолов 1484). На обороте форзаца владельч. запись: "Из книг Г.Аристова".
_5NLR: (138/2294(ч.4))
317 _aВ экз. РНБ (РЗФ 18 в. 3/1427 (ч.4)а) на форзаце владельч. запись: "№ 16 Петра Есипова 1816 г."
_5NLR: РЗФ 18 в. 3/1427 (ч.4)а)
325 1 _aКопия доступна в электронной библиотеке РНБ
461 1 _1001RU\NLR\A1\20360
_12000#$aВиргилиева Енейда, вывороченная на изнанку.$fН.О.$vЧ.4
_1700#1$6z01790$aОсипов$bН.П.$f1751-1799$gНиколай Петрович$4070
482 0 _1001RU\NLR\A1\20361
_12000#$aЧ.1
702 1 _aЕсипов
_bП.
_gПетр
_5NLR: РЗФ 18 в. 3/1427 (ч.4)а)
_4390
702 1 _aБобринский
_bА. А.
_f1823-1903
_gАлександр Алексеевич
_5NLR: (138/2294(ч.4))
_4390
702 1 _aАристов
_bГ.
_5NLR: (138/2294(ч.4))
_4390
801 0 _aRU
_bNLR
_c19981006
852 _aNLR
_bРЗФ
_j18 в. 3/1427
852 _aNLR
_j18.171.4.69(ч.4)
852 _aNLR
_j138/2294(ч.4)
852 _aNLR
_j138/3075(ч.4)
852 _aNLR
_bРЗФ
_j18 в. 3/1427 (ч.4)
852 _aNLR
_bРЗФ
_j18 в. 3/1427 (ч.4)а
852 _aNLR
_bРЗФ
_j18 в. 3/1427 (ч.4) Б
856 0 _uhttp://vivaldi.nlr.ru/bx000017890/view
856 1 _uhttp://vivaldi.nlr.ru/bx000017890/cover
856 2 _uhttp://vivaldi.nlr.ru/bx000017890/text
901 _eКнижные издания
942 _cBOOK
980 3 _akpcivil
980 3 _akp
980 _aA1XVIIIv
980 _aNB
981 2 0 _a(20) Книжные памятники РНБ
_b(20) Русский книжный фонд